PŚ w skokach narciarskich 25/26 - Statystyki

Ogólne statystyki
  • Ten quiz został rozwiązany 186 razy
  • Średni wynik to 16 z 19
Answers on the Grid
Answers color-coded by a green-red scale on the quiz's grid according to % correct below.
Polska
Austria
Słowenia
Litwa
Estonia
Finlandia
Liechtenstein
Czechy
Słowacja
Rumunia
USA
Kanada
Hiszpania
Niemcy
Norwegia
Korea Południowa
Japonia
Kazachstan
Szwecja
Turcja
Bułgaria
Uganda
Francja
Włochy
Holandia
Szwajcaria
Ukraina
Argentyna
Andora
Grecja
 
Statystyki odpowiedzi
Odpowiedź % Poprawnych
Austria
100%
Polska
98%
Finlandia
97%
Słowenia
97%
Czechy
87%
Estonia
87%
Norwegia
87%
Japonia
84%
Niemcy
84%
Bułgaria
81%
Francja
79%
USA
79%
Włochy
79%
Słowacja
77%
Szwajcaria
77%
Ukraina
76%
Kanada
69%
Kazachstan
69%
Turcja
61%
Nie znaleziono quizów pasujących do podanych kryteriów
Rozkład punktacji
Procent ludzi z każdym wynikiem
Percentyl według liczby udzielonych odpowiedzi
Twoja historia wyników
Nie rozwiązałeś tego quizu